000 00387nam a22001577a 4500
003 LK-CoDNM
005 20240919114447.0
008 240814b |||||||| |||| 00| 0 eng d
040 _aLK-CoDNM
_dLK-CoDNM
_eLK-CoDNM
041 _aeng
080 _bGP1968
245 _athe acts of ceylon 1968
260 _acolombo
_bgovernment printer
_c1968
300 _b245p. : 24 cm
942 _cBK
999 _c147691
_d147691